000 00348nam a2200145Ia 4500
008 200103s9999||||xx |||||||||||||| ||und||
040 _aIMU-MPC
082 _aColumn-6
100 _aBaptist, C.
245 0 _aTanker Handbook for Deck Officers
250 _a5th ed.
260 _bBrown, Son & Ferguson Ltd
_c1975
300 _aix, 256
942 _cBK
999 _c3593
_d3593